000
00299nam a2200121Ia 4500
008
220204s9999 xx 000 0 und d
082
_a
576.36
_b
DYE
100
_a
Dyer, Adrian F
245
0
_a
Investigating chromosomes
260
_a
London
_b
Edward Arnold
_c
1979
650
_a
Chromosome
942
_c
BK
999
_c
34477
_d
34477